| 000 | 00360nam a2200133Ia 4500 | ||
|---|---|---|---|
| 005 | 20251222144834.0 | ||
| 008 | 251222s9999||||xx |||||||||||||| ||spa|| | ||
| 020 | _a2-907163-70-1 | ||
| 082 | _a306.098.5/B77 | ||
| 100 | _aBouysse-Cassagne, Therese | ||
| 245 | 0 | _aSaberes y Memorias en los Andes: | |
| 264 | _bInstitut Francais d'Etudes Andines | ||
| 942 | _cLIB | ||
| 999 |
_c20977 _d20977 |
||